MICROPROCESSORS AND MICROCOMPUTERS , THE 6800 FAMILY (Record no. 573562)
[ view plain ]
| 000 -LEADER | |
|---|---|
| fixed length control field | 00414nam a22001337a 4500 |
| 020 ## - INTERNATIONAL STANDARD BOOK NUMBER | |
| International Standard Book Number | 0-13-581745-5 |
| 082 ## - DEWEY DECIMAL CLASSIFICATION NUMBER | |
| Classification number | 004.165 TOC'M |
| 100 ## - MAIN ENTRY--PERSONAL NAME | |
| Personal name | LASKOWSKI, LESTER P , TOCCI, RONALD J |
| 9 (RLIN) | 65308 |
| 245 ## - TITLE STATEMENT | |
| Title | MICROPROCESSORS AND MICROCOMPUTERS , THE 6800 FAMILY |
| 260 ## - PUBLICATION, DISTRIBUTION, ETC. | |
| Place of publication, distribution, etc. | LONDON |
| Name of publisher, distributor, etc. | PRENTICE HALL |
| Date of publication, distribution, etc. | 1986 |
| 300 ## - PHYSICAL DESCRIPTION | |
| Extent | XIII, 497P |
| 650 ## - SUBJECT ADDED ENTRY--TOPICAL TERM | |
| Topical term or geographic name entry element | MICROPROCESSOR MICROCOMPUTERS MOTOROLA(MICROPROCESOR) |
| 9 (RLIN) | 65309 |
| 942 ## - ADDED ENTRY ELEMENTS (KOHA) | |
| Koha item type | Book |
| Withdrawn status | Lost status | Damaged status | Not for loan | Permanent Location | Current Location | Shelving location | Date acquired | Total Checkouts | Full call number | Barcode | Date last seen | Price effective from | Koha item type |
|---|---|---|---|---|---|---|---|---|---|---|---|---|---|
| College of Electrical & Mechanical Engineering (CEME) | College of Electrical & Mechanical Engineering (CEME) | General Stacks | 07/27/2017 | 004.165 TOC'M | CEME-22956 | 06/28/2021 | 06/28/2021 | Book |
